000 00690nam a2200205 a 4500
001 000010482
005 20240412074219.0
008 091007t1986 dr 001 p spa d
040 _aDO-SdBNP
_bspa
_cBNPHU
082 _aRD861.44
_bL817ma
100 1 _aLockward Pérez, Jorge Alfonso,
_d1937-2001.
_92059
245 1 0 _aMás poemas de un cristiano ausente /
_cJ. Alfonso Lockward.
260 _aSanto Domingo :
_bEducativa Dominicana,
_c[1986].
300 _a108 p. ;
_c18 cm.
590 _aInventariado, 2018/LP
650 0 _aPoesía dominicana
_966
650 4 _aPoesía religiosa dominicana
_924595
650 0 _aLiteratura dominicana.
_967
910 _aValidado. Control de calidad EMS.
999 _c10241
_d10241